000 00645nam a2200205Ia 4500
999 _c47942
_d47942
003 GCL
005 20240530104453.0
008 140319s9999 xx 000 0 ara d
040 _aGCL /
_cGCL
082 0 4 _a801.9
_bك م
100 1 _aكلودبيشوا, بييربرونيل
245 1 0 _aما الادب المقارن /
_cكلودبيشوا, بييربرونيل
300 _a176 ص. ؛
_c24 سم.
490 _aالهيئة العامة للاستعلامات
_v0
650 0 4 _aالادب
650 0 4 _aالادب المقارن
700 1 _aروسو ، اندرية ميشيل
700 1 _aغسان السيد
942 _2ddc
_cBK